000 00265nam a22001217a 4500
008 230621b xxu||||| |||| 00| 0 eng d
082 _a328.3
_bIPU
100 _cIPU
245 _aInter-Parliamentary Union
260 _bIPU
_c2000
300 _a17p
942 _2ddc
_cBK
999 _c2079
_d2079